La classe ouvrière comme réalité et représentation (notice n° 1644479)

détails MARC
000 -LEADER
fixed length control field 01219cam a2200157 4500500
005 - DATE AND TIME OF LATEST TRANSACTION
control field 20260208001147.0
041 ## - LANGUAGE CODE
Language code of text/sound track or separate title fre
042 ## - AUTHENTICATION CODE
Authentication code dc
100 10 - MAIN ENTRY--PERSONAL NAME
Personal name Lantz, Pierre
Relator term author
245 00 - TITLE STATEMENT
Title La classe ouvrière comme réalité et représentation
260 ## - PUBLICATION, DISTRIBUTION, ETC.
Date of publication, distribution, etc. 2004.<br/>
500 ## - GENERAL NOTE
General note 40
520 ## - SUMMARY, ETC.
Summary, etc. Abstract A feeling of obviousness, but also of malaise, is elicited by simply mentioning reproduction techniques. Analyzing the four key figures of the researcher, the doctor, the man and the woman on the basis of around a thousand medical files from the procreation assitance service of a hospital reveals how such feelings can be understood as the effect of factors such as medical power and gender domination as well as medicalization and calls to maternity. In oppositon to this structure of authority, turbulences emerge that destabilize established conceptions of parenthood and the approved limits placed on research or on procreative time-frames, and which lead to new types of questions in this field.
786 0# - DATA SOURCE ENTRY
Note L'Homme & la Société | 152-153 | 2 | 2004-06-01 | p. 271-278 | 0018-4306
856 41 - ELECTRONIC LOCATION AND ACCESS
Uniform Resource Identifier <a href="https://shs.cairn.info/revue-l-homme-et-la-societe-2004-2-page-271?lang=fr&redirect-ssocas=7080">https://shs.cairn.info/revue-l-homme-et-la-societe-2004-2-page-271?lang=fr&redirect-ssocas=7080</a>

Pas d'exemplaire disponible.

PLUDOC

PLUDOC est la plateforme unique et centralisée de gestion des bibliothèques physiques et numériques de Guinée administré par le CEDUST. Elle est la plus grande base de données de ressources documentaires pour les Étudiants, Enseignants chercheurs et Chercheurs de Guinée.

Adresse

627 919 101/664 919 101

25 boulevard du commerce
Kaloum, Conakry, Guinée

Réseaux sociaux

Powered by Netsen Group @ 2025